| 000 | 00654nam a2200193 i 4500 | ||
|---|---|---|---|
| 001 | 57800 | ||
| 003 | ES-MaACL | ||
| 005 | 20230906163643.0 | ||
| 007 | t| | ||
| 008 | 031017s1980 mx ||||1| spa d | ||
| 020 | _a968-435-080-5 | ||
| 100 | 1 |
_aDonabedian, Avedís. _945270 |
|
| 245 | 1 | 3 |
_aLa calidad de la atención médica _b: definición y métodos de evaluación / _cAvedís Donabedian ; [traducción de Carolina Amor de Fournier]. |
| 260 |
_aMéxico : _bLa Prensa Médica Mexicana, _c[1980] |
||
| 300 |
_aXXIII, 194 p. ; _c21 cm. |
||
| 500 | _aIndices. | ||
| 700 | 0 |
_aAmor de Fournier, Carolina. _921291 |
|
| 852 |
_aES-MaACL _jL-10651 _bR.112460 |
||
| 999 |
_c57800 _d57800 |
||